| 000 | 01318nam a2200337 a 4500 | ||
|---|---|---|---|
| 001 | ebr10674445 | ||
| 003 | CaPaEBR | ||
| 006 | m u | ||
| 007 | cr cn||||||||| | ||
| 008 | 120711s2013 maua sb 001 0 eng d | ||
| 010 | _z 2012027959 | ||
| 020 | _z9780262018630 (hardcover : alk. paper) | ||
| 020 | _z9780262312615 (e-book) | ||
| 040 |
_aCaPaEBR _cCaPaEBR |
||
| 035 | _a(OCoLC)833132688 | ||
| 050 | 1 | 4 |
_aNA2765 _b.P36 2013eb |
| 082 | 0 | 4 |
_a720.1 _223 |
| 100 | 1 | _aParisi, Luciana. | |
| 245 | 1 | 0 |
_aContagious architecture _h[electronic resource] : _bcomputation, aesthetics, and space / _cLuciana Parisi. |
| 260 |
_aCambridge, Mass. : _bMIT Press, _c2013. |
||
| 300 |
_axx, 370 p. : _bill. |
||
| 490 | 1 | _aTechnologies of lived abstraction | |
| 504 | _aIncludes bibliographical references and index. | ||
| 533 |
_aElectronic reproduction. _bPalo Alto, Calif. : _cebrary, _d2013. _nAvailable via World Wide Web. _nAccess may be limited to ebrary affiliated libraries. |
||
| 650 | 0 | _aSpace (Architecture) | |
| 650 | 0 |
_aArchitecture _xPhilosophy. |
|
| 655 | 7 |
_aElectronic books. _2local |
|
| 710 | 2 | _aebrary, Inc. | |
| 830 | 0 | _aTechnologies of lived abstraction. | |
| 856 | 4 | 0 |
_uhttp://site.ebrary.com/lib/rucke/Doc?id=10674445 _zAn electronic book accessible through the World Wide Web; click to view |
| 999 |
_c56937 _d56937 |
||